Antonio Balestra pittore veronese 1666-1740 (Record n. 77177)
[ formato base ]
| 000 -LEADER | |
|---|---|
| fixed length control field | 02272nam a2200289Ia 4500 |
| 001 - CONTROL NUMBER | |
| control field | K0212 |
| 003 - CONTROL NUMBER IDENTIFIER | |
| control field | IT-RoPAU |
| 008 - FIXED-LENGTH DATA ELEMENTS--GENERAL INFORMATION | |
| fixed length control field | 130308s9999 xx 000 0 und d |
| 040 ## - CATALOGING SOURCE | |
| Original cataloging agency | IT-RoPAU |
| 040 ## - CATALOGING SOURCE | |
| Transcribing agency | IT-RoPAU |
| 041 ## - LANGUAGE CODE | |
| Language code of text/sound track or separate title | ITALIANO |
| 100 ## - MAIN ENTRY--PERSONAL NAME | |
| Personal name | Polazzo Marco |
| 100 ## - MAIN ENTRY--PERSONAL NAME | |
| Miscellaneous information | Codice Aut. SPICS: 60099 |
| 245 ## - TITLE STATEMENT | |
| Title | Antonio Balestra pittore veronese 1666-1740 |
| 245 ## - TITLE STATEMENT | |
| Remainder of title | Antonio Balestra pittore Veronese 1666-1740 |
| 250 ## - EDITION STATEMENT | |
| Edition statement | 1a ed. |
| 260 ## - PUBLICATION, DISTRIBUTION, ETC. (IMPRINT) | |
| Place of publication, distribution, etc. | VERONA |
| 260 ## - PUBLICATION, DISTRIBUTION, ETC. (IMPRINT) | |
| Name of publisher, distributor, etc. | Libreria Cortina |
| 260 ## - PUBLICATION, DISTRIBUTION, ETC. (IMPRINT) | |
| Date of publication, distribution, etc. | 1978 [1° Ed.:1978 - Ed.Ling.Originale:1978] |
| 300 ## - PHYSICAL DESCRIPTION | |
| Extent | "238 p. (prefazione: no ; testo: 238 [pagine: 0-0])" |
| 500 ## - GENERAL NOTE | |
| General note | "Ricerche Storico Anagrafiche. manoscritto Autobiografico di Antonio Balestra al Sig. Abate Antonio Orlandi Pellegrino Conservato nella Biblioteca Augusta di Perugia. Trascrizione del manoscritto di Perugia. lettere di Antonio Balestra Inviate a Francesco Gabburri e a D. Francesco Valdalla raccolte da Bottari e Ticozzi. raccolta in Ordine cronologico delle Opere di Attribuzione Certa, firmate o Citate nel manoscritto di Perugia. Opere di A.I. proposte Sul Solo Dato Stilistico. Disegni. Incisioni. Bibliografia.Eleno topografico Generale delle Opere in Ordine Alfabetico di Località. 86 tavole in bianco e Nero, 11 Disegni e 16 Incizioni: Beata Vergine col bambino in Braccio, S. Giuseppe e S. Giovannino; Ss. Annunciazione; S. Giovanni Battista Predicante nel Deserto; ricchezza della Terra; S. tommaso di Villanova; Annunciata; la Vergine, S. Francesco Borgia, S. Luigi, S. Stanislao; Beata Vergine e Santi Gesuiti; S. Francesco Riceve Stimmate; Transito di S. Giuseppe; Natività di N.S. finta di Notte; Madonna col Bambino, S. Bartolomeo Apostolo, S. Rocco e S. Bernardino; S. Simone Stok, S. Giuseppe e la Madonna del Carmine; Natività di N.S.; Martirio di S. Cassiano; S. Osvaldo; S. Pietro guarisce gli Ammalati con L'Ombra; B.V., S. Luca e S. Vincenzo; B.V., S. Pietro e S. Antonio di Padova; Giustizia e Pace; saggezza e Vanita'; Venere D" |
| 650 ## - SUBJECT ADDED ENTRY--TOPICAL TERM | |
| Topical term or geographic name as entry element | AUTORI/OPERE DI PITTURA |
| 650 ## - SUBJECT ADDED ENTRY--TOPICAL TERM | |
| Relator term | Codice materia Spics: 5207 |
| 942 ## - ADDED ENTRY ELEMENTS (KOHA) | |
| Koha item type | LIBRO |
| 957 ## - | |
| -- | 1 |
| 999 ## - SYSTEM CONTROL NUMBERS (KOHA) | |
| -- | 1 |
| Withdrawn status | Lost status | Damaged status | Not for loan | Home library | Current library | Date acquired | Total Checkouts | Full call number | Date last seen | Price effective from | Koha item type | Public note |
|---|---|---|---|---|---|---|---|---|---|---|---|---|
| Buone Condizioni | Not For Loan | SPICS-MEDIATECA | SPICS-MEDIATECA | 08/03/2013 | K0212 | 08/03/2013 | 08/03/2013 | LIBRO | Progressivo inserimento: 23918 / N. Volumi: 1 Copie: 1 / data import: 1 marzo 2013 - By Epidotti, Trombetti, Vaglietti. |